196 Countries in Esperanto - Statistics

General Stats
  • This quiz has been taken 66 times
  • The average score is 156 of 196
Answer Stats
ESPERANTO COUNTRY % Correct
Afganio Afghanistan
98%
Albanio Albania
98%
Andoro Andorra
98%
Alĝerio Algeria
96%
Angolo Angola
96%
Armenio Armenia
96%
Azerbajĝano Azerbaijan
96%
Argentino Argentina
94%
Aŭstralio Australia
94%
Aŭstrio Austria
94%
Bangladeŝo Bangladesh
94%
Antigvo kaj Barbudo Antigua and Barbuda
92%
Bahamoj Bahamas
90%
Barbado Barbados
88%
Belgio Belgium
88%
Belizo Belize
88%
Benino Benin
88%
Belorusio Belarus
85%
Bosnio kaj Hercegovino Bosnia and Herzegovina
85%
Bulgario Bulgaria
85%
Bolivio Bolivia
83%
Brazilo Brazil
83%
Kroatio Croatia
83%
Estonio Estonia
83%
Finnlando Finland
83%
Francio France
83%
Gambio Gambia
83%
Germanujo Germany
83%
Grekio Greece
83%
Hungario Hungary
83%
Islando Iceland
83%
Indonezio Indonesia
83%
Irano Iran
83%
Irako Iraq
83%
Irlando Ireland
83%
Israelo Israel
83%
Italio Italy
83%
Japanio Japan
83%
Jordanio Jordan
83%
Kosovo Kosovo
83%
Laoso Laos
83%
Latvio Latvia
83%
Libio Libya
83%
Luksemburgio Luxembourg
83%
Madagaskaro Madagascar
83%
Filipinoj Philippines
83%
Hispanio Spain
83%
Butano Bhutan
81%
Burundo Burundi
81%
Kamerunio Cameroon
81%
Kolombio Colombia
81%
Kubo Cuba
81%
Demokratia Respubliko Kongo Democratic Republic of the Congo
81%
Dominika Respubliko Dominican Republic
81%
Egiptujo Egypt
81%
Ekvatora Gvineo Equatorial Guinea
81%
Etiopio Ethiopia
81%
Gabono Gabon
81%
Grenado Grenada
81%
Gvatemalo Guatemala
81%
Gvineo Bisaŭa Guinea-Bissau
81%
Haitio Haiti
81%
Honduro Honduras
81%
Jamajko Jamaica
81%
Kiribato Kiribati
81%
Lesoto Lesotho
81%
Liberio Liberia
81%
Liĥtenŝtejno Liechtenstein
81%
Malto Malta
81%
Monako Monaco
81%
Montenegro Montenegro
81%
Maroko Morocco
81%
Namibio Namibia
81%
Nepalo Nepal
81%
Nederlando Netherlands
81%
Norda Makedonio North Macedonia
81%
Omano Oman
81%
Palaŭo Palau
81%
Pollando Poland
81%
Portugalio Portugal
81%
Rumanio Romania
81%
Rusio Russia
81%
Serbio Serbia
81%
Slovakio Slovakia
81%
Slovenio Slovenia
81%
Turkio Turkey
81%
Turkmenio Turkmenistan
81%
Ukrainio Ukraine
81%
Uzbekio Uzbekistan
81%
Vatikanurbo Vatican City
81%
Venezuelo Venezuela
81%
Vjetnamio Vietnam
81%
Zambio Zambia
81%
Brunejo Brunei
79%
Kabo-Verdo Cape Verde
79%
Kostariko Costa Rica
79%
Danio Denmark
79%
Dominiko Dominica
79%
Orienta Timoro East Timor
79%
Salvadoro El Salvador
79%
Eritreo Eritrea
79%
Esvatini Eswatini
79%
Ganao Ghana
79%
Gvineo Guinea
79%
Kazaĥio Kazakhstan
79%
Kenjo Kenya
79%
Litovio Lithuania
79%
Moldavio Moldova
79%
Mongolio Mongolia
79%
Mozambiko Mozambique
79%
Mjanmao Myanmar
79%
Nauro Nauru
79%
Nov-Zelando New Zealand
79%
Niĝero Niger
79%
Niĝerio Nigeria
79%
Norda Koreio North Korea
79%
Pakistano Pakistan
79%
Panamo Panama
79%
Papua Nova Gvineo Papua New Guinea
79%
Peruo Peru
79%
Respubliko Kongo Republic of the Congo
79%
Ruando Rwanda
79%
San Marino San Marino
79%
Senegalo Senegal
79%
Siera-Leono Sierra Leone
79%
Singapuro Singapore
79%
Somalio Somalia
79%
Suda Sudano South Sudan
79%
Srilanko Sri Lanka
79%
Sudano Sudan
79%
Surinamo Suriname
79%
Svedio Sweden
79%
Svislando Switzerland
79%
Tanzanio Tanzania
79%
Trinidado kaj Tobago Trinidad and Tobago
79%
Tunizio Tunisia
79%
Tuvalo Tuvalu
79%
Ugando Uganda
79%
Vanuatuo Vanuatu
79%
Zimbabvo Zimbabwe
79%
Barejno Bahrain
77%
Burkino Burkina Faso
77%
Kanado Canada
77%
Centafrika Respubliko Central African Republic
77%
Ĉilio Chile
77%
Gujano Guyana
77%
Kirgizio Kyrgyzstan
77%
Norvegio Norway
77%
Paragvajo Paraguay
77%
Kataro Qatar
77%
Sankta-Kito kaj Neviso Saint Kitts and Nevis
77%
Sankta Lucio Saint Lucia
77%
Sankta Vincento kaj Grenadinoj Saint Vincent and the Grenadines
77%
Samoo Samoa
77%
San-Tomeo kaj Princo São Tomé andPríncipe
77%
Salomonoj Solomon Islands
77%
Sudafriko South Africa
77%
Sudkoreio South Korea
77%
Sirio Syria
77%
Tajlando Thailand
77%
Tongo Tonga
77%
Unuiĝintaj Arabaj Emirlandoj United Arab Emirates
77%
Unuiĝinta Reĝlando United Kingdom
77%
Urugvajo Uruguay
77%
Ĉinio China
75%
Komoroj Comoros
75%
Fiĝioj Fiji
75%
Kuvajto Kuwait
75%
Maldivoj Maldives
75%
Malio Mali
75%
Maŭritanio Mauritania
75%
Nikaragvo Nicaragua
75%
Saŭdiarabio Saudi Arabia
75%
Taĝikio Tajikistan
75%
Jemeno Yemen
75%
Ĉeĥio Czech Republic
73%
Ĝibutio Djibouti
73%
Mikronezio Federated States of Micronesia
73%
Marŝala Insularo Marshall Islands
73%
Meksiko Mexico
73%
Kamboĝo Cambodia
71%
Ekvadoro Ecuador
71%
Libano Lebanon
71%
Malajzio Malaysia
71%
Maŭricio Mauritius
71%
Kipro Cyprus
69%
Sejŝeloj Seychelles
67%
Malavio Malawi
65%
Tajvano Taiwan
63%
Usono United States
63%
Ĉadio Chad
60%
Bocvano Botswana
58%
Barato India
46%
Kartvelio Georgia
44%
Ebura Bordo Ivory Coast
44%
Togolando Togo
42%
No matching quizzes found
Score Distribution
Percent of People with Each Score
Percentile by Number Answered
Your Score History
You have not taken this quiz